000 00346 a2200121 4500
000 nam a22 7a 4500
005 20260206104314.0
020 _a9789348409249
100 _aEditor Dr. Rajesh Paswan , Dr. Suresh Kumar Mishra
_91114078
245 _aBhojpuri Ke Dharohar : Bhikhari Thakur
260 _bAnanya Prakashan
_c2025
942 _cTEXL
999 _c1678759
_d1678759